000 00706nam a2200277Ia 4500
005 20260324145336.0
008 008 260324s9999 xx 000 0 eng d
020 _a9781003573531
037 _aEBOOK
040 _aCRL
040 _beng
040 _cCRL
041 _2eng
041 _aeng
084 _qCRL
100 _aDoanld M. Stablein; Walter H. Carter Jr.; Galen L. Wampler
_91222619
245 0 _aRegression Analysis of Survival Data in Cancer Chemotherapy
260 _bTaylor and Francis
260 _c1983
365 _a
365 _b320
856 _uhttp://www.taylorfrancis.com/books/9781003573531
942 _cEBOOK
999 _c1830397
_d1830397